| 000 | 00733cam a22002411 4500 | ||
|---|---|---|---|
| 001 | sa 66003817 | ||
| 003 | DLC | ||
| 005 | 20260227112239.0 | ||
| 008 | 791107s1965 ii 000 0 eng | ||
| 010 | _asa 66003817 | ||
| 035 | _a(OCoLC)5662050 | ||
| 040 |
_aDLC _cNBuU _dDLC |
||
| 042 | _apremarc | ||
| 050 | 0 | 0 |
_aHC435 _b.P315 |
| 082 | _a338.0954 | ||
| 100 | 1 | _aPanicker, P. N. S. | |
| 245 | 1 | 2 |
_aA hand book on small industries: _bagriculture, population, employment, trade and planning, _cby P. N. S. Panicker. |
| 260 |
_aMadras, _bIndustrial Efficiency Services, _c1965. |
||
| 300 |
_axxxvii, 827, 5 p. _bmap. _c25 cm. |
||
| 651 | 0 |
_aIndia _vStatistics. |
|
| 650 | 0 |
_aSmall business _zIndia. |
|
| 650 | 0 |
_aIndustries _zIndia. |
|
| 999 |
_c69124 _d69124 |
||